000 00698cam a2200241 a 4500
001 972262
005 20180124080346.0
008 851122s1986 dcu b 101 0 eng c
010 _a 85063125
020 _a0309036372 (pbk.)
040 _aDNLM/DLC
_cDLC
_dDLC
041 _aeng
043 _an-us---
060 _aWT 30 C7345p
080 _a305.26 SCHA
082 0 0 _a305.26 SCHA
_219
100 _a50
101 _aSOC
245 1 0 _aProductive roles in an older society /
_cCommittee on an Aging Society, Institute of Medicine and National Research Council.
504 _aIncludes bibliographies and index.
906 _a7
_bcbc
_corignew
_d1
_eopcn
_f19
_gy-gencatlg
942 _2ddc
_cBK
999 _c40870
_d40870